[Event "TCh-RUS HL 2022"]
[Site "Sochi RUS"]
[Date "2022.05.09"]
[Round "8.3"]
[Board "1"]
[White "Smirnov, Timofey"]
[Black "Bocharov, Dmitry"]
[Result "1-0"]
[WhiteTitle "FM"]
[BlackTitle "GM"]
[WhiteElo "2409"]
[BlackElo "2516"]
[WhiteTeam "Severnyy kharakter (g. Moskva)"]
[BlackTeam "Sbornaya Novosibirskoy oblasti"]
[WhiteFideId "24176427"]
[BlackFideId "4138716"]
[EventDate "2022.05.01"]

1. e4 c5 2. Nf3 e6 3. d4 cxd4 4. Nxd4 a6 5. Bd3 g6 6. c4 Bg7 7. Ne2 Nc6 8. Nbc3
Nge7 9. O-O O-O 10. Bg5 h6 11. Bh4 g5 12. Bg3 Ne5 13. Kh1 f5 14. exf5 Nxf5 15.
Bxf5 Rxf5 16. Nd4 Rf8 17. Qe2 Ng6 18. Rad1 Qb6 19. Na4 Qa5 20. Qc2 Nf4 21. c5
Nd5 22. Bd6 Rf7 23. Nc3 Nxc3 24. bxc3 b5 25. f4 Bb7 26. fxg5 Rxf1+ 27. Rxf1 hxg5
28. Qg6 Qxa2 29. c6 Bxc6 30. Nxc6 dxc6 31. Be5 Ra7 32. Rd1 Qa5 33. h4 gxh4 34.
Qxe6+ Kh7 35. Rd7 b4 36. Qf5+ Kg8 37. Qf7+ 1-0

[Event "TCh-RUS HL 2022"]
[Site "Sochi RUS"]
[Date "2022.05.09"]
[Round "8.3"]
[Board "2"]
[White "Maletin, Pavel"]
[Black "Uskov, Artem"]
[Result "1-0"]
[WhiteTitle "GM"]
[BlackTitle "FM"]
[WhiteElo "2586"]
[BlackElo "2403"]
[WhiteTeam "Sbornaya Novosibirskoy oblasti"]
[BlackTeam "Severnyy kharakter (g. Moskva)"]
[WhiteFideId "4146786"]
[BlackFideId "34254854"]
[EventDate "2022.05.01"]

1. Nf3 d5 2. g3 Nf6 3. Bg2 c6 4. O-O e6 5. d3 Be7 6. Nbd2 O-O 7. e4 c5 8. e5
Nfd7 9. a4 Nc6 10. Re1 Re8 11. Nf1 f6 12. exf6 Bxf6 13. h4 Nde5 14. Nxe5 Nxe5
15. Be3 b6 16. Bg5 Bxg5 17. hxg5 Ng6 18. f4 Bb7 19. Qh5 Qd7 20. Ne3 Qf7 21. Re2
Re7 22. Rf1 Rae8 23. Bf3 Nf8 24. Qh1 Nd7 25. Qh4 Nf8 26. Bh5 g6 27. Ng4 Kh8 28.
Ne5 Qg7 29. Bg4 Nd7 30. c3 d4 31. c4 a6 32. Rfe1 b5 33. b3 bxa4 34. bxa4 Nb6 35.
a5 Na4 36. Bh3 Ba8 37. Ng4 Bf3 38. Re5 Bxg4 39. Qxg4 Nc3 40. Qf3 Na2 41. Rxe6
Rxe6 42. Rxe6 Rxe6 43. Bxe6 Qf8 44. Qe2 Qd6 45. Bd5 Qb8 46. Qe7 h5 47. gxh6 1-0

[Event "TCh-RUS HL 2022"]
[Site "Sochi RUS"]
[Date "2022.05.09"]
[Round "8.3"]
[Board "3"]
[White "Yashmetov, Mikhail"]
[Black "Obgolts, Erik"]
[Result "1/2-1/2"]
[WhiteTitle "FM"]
[BlackTitle "FM"]
[WhiteElo "2319"]
[BlackElo "2437"]
[WhiteTeam "Severnyy kharakter (g. Moskva)"]
[BlackTeam "Sbornaya Novosibirskoy oblasti"]
[WhiteFideId "24198900"]
[BlackFideId "24199044"]
[EventDate "2022.05.01"]

1. Nf3 Nf6 2. g3 g6 3. b3 d5 4. Bb2 c5 5. c4 d4 6. b4 Bg7 7. Bg2 O-O 8. O-O a5
9. bxc5 Ne4 10. Na3 Nxc5 11. Nb5 e5 12. e3 Nc6 13. Ne1 Bf5 14. f4 Be6 15. Bd5
Qb6 16. e4 exf4 17. Rxf4 Nxe4 18. Bxe4 d3+ 19. Rf2 Bxb2 20. Rb1 Bd4 21. Nxd4
Qxd4 22. Bxd3 Rad8 23. Bf1 Ne5 24. Nc2 Qa7 25. Ne3 Rd4 26. Qc2 Rfd8 27. Kh1 Nd3
28. Bxd3 Rxd3 29. Rb3 Qd4 30. Rxd3 Qxd3 31. Qc1 h5 32. Kg1 Rc8 33. Qb2 Bxc4 34.
Qxb7 Rf8 35. Qc7 Bxa2 36. Qxa5 Be6 37. Qc3 Qa6 38. d4 Rc8 39. Qb2 Qd3 40. Qd2
Rc3 41. Nf1 Qc4 42. Qf4 Rc1 43. Qf6 Bh3 44. Qd8+ Kh7 45. Qf6 Rxf1+ 46. Rxf1 Bxf1
47. Qxf1 Qxd4+ 48. Kg2 Qd5+ 49. Kg1 g5 50. Qf6 Kg8 51. Kf2 Qd2+ 52. Kg1 Qe3+ 53.
Kg2 h4 54. Kh3 hxg3 55. hxg3 Qe6+ 56. Qxe6 fxe6 1/2-1/2

[Event "TCh-RUS HL 2022"]
[Site "Sochi RUS"]
[Date "2022.05.09"]
[Round "8.3"]
[Board "4"]
[White "Khubukshanov, Erdem"]
[Black "Sutormin, Danila"]
[Result "1-0"]
[WhiteTitle "FM"]
[BlackTitle "FM"]
[WhiteElo "2392"]
[BlackElo "2384"]
[WhiteTeam "Sbornaya Novosibirskoy oblasti"]
[BlackTeam "Severnyy kharakter (g. Moskva)"]
[WhiteFideId "54114527"]
[BlackFideId "24108669"]
[EventDate "2022.05.01"]

1. e4 e5 2. Nf3 Nc6 3. Bc4 Bc5 4. O-O Nf6 5. d3 d6 6. c3 a5 7. Re1 Ba7 8. Na3
O-O 9. h3 Be6 10. Bxe6 fxe6 11. Nb5 Bb6 12. Be3 Bxe3 13. Rxe3 a4 14. d4 Nd7 15.
Qe2 Kh8 16. Rd1 Ra5 17. h4 h6 18. h5 exd4 19. cxd4 Na7 20. Nxa7 Rxa7 21. Qc4 Re8
22. Rc1 b6 23. e5 d5 24. Qc6 Nb8 25. Qc2 Rf8 26. Qg6 Qe7 27. Qg4 Qf7 28. Nh4
Qxf2+ 29. Kh2 Kh7 30. Rg3 c6 31. Qg6+ Kg8 32. Qxe6+ Qf7 33. Qxh6 Qf4 34. Qg5
Qxg5 35. Rxg5 Rf4 36. Nf5 Kf8 37. Re1 c5 38. Kg3 Re4 39. Rxe4 dxe4 40. d5 Rd7
41. e6 Rxd5 42. e7+ Kf7 43. Rxg7+ 1-0

[Event "TCh-RUS HL 2022"]
[Site "Sochi RUS"]
[Date "2022.05.09"]
[Round "8.4"]
[Board "1"]
[White "Zakaryan, David"]
[Black "Gordievsky, Dmitry"]
[Result "0-1"]
[WhiteTitle "IM"]
[BlackTitle "GM"]
[WhiteElo "2313"]
[BlackElo "2559"]
[WhiteTeam "KOO Federatsiya shakhmat Krasnodarskogo kra"]
[BlackTeam "Russkaya shakhmatnaya shkola-1 (g. Moskva)"]
[WhiteFideId "24101923"]
[BlackFideId "24112798"]
[EventDate "2022.05.01"]

1. e4 c5 2. Nf3 d6 3. d4 cxd4 4. Nxd4 Nf6 5. Nc3 a6 6. h4 e5 7. Nb3 Be7 8. Bg5
Be6 9. Bxf6 Bxf6 10. g3 O-O 11. Qd2 Nc6 12. O-O-O a5 13. a4 Qb6 14. Nd5 Bxd5 15.
exd5 Nb4 16. Qe3 Bd8 17. Qxb6 Bxb6 18. c3 Na6 19. Rd2 f5 20. Bd3 Nc7 21. Re1 g6
22. Kc2 Rae8 23. f3 Kg7 24. Bb5 Nxb5 25. axb5 a4 26. Nc1 f4 27. gxf4 Rxf4 28.
Re4 Rxf3 29. Rxa4 Rf4 30. Kb3 e4 31. Rh2 Rf1 32. Ne2 e3 33. Rg4 Rf2 34. Rhg2
Ref8 35. Kc2 Rxg2 36. Rxg2 Rf2 37. Rxf2 exf2 38. Ng3 Kf6 39. Kd3 Ke5 40. Ke2
Kxd5 41. b3 Ke5 42. c4 Kf4 43. Nh1 f1=Q+ 44. Kxf1 Kf3 45. b4 Bd4 46. b6 Bxb6 47.
h5 g5 48. c5 dxc5 49. bxc5 Bxc5 50. h6 g4 51. Nf2 g3 0-1

[Event "TCh-RUS HL 2022"]
[Site "Sochi RUS"]
[Date "2022.05.09"]
[Round "8.4"]
[Board "2"]
[White "Kryakvin, Dmitry"]
[Black "Gochelashvili, David"]
[Result "1-0"]
[WhiteTitle "GM"]
[BlackTitle "IM"]
[WhiteElo "2556"]
[BlackElo "2393"]
[WhiteTeam "Russkaya shakhmatnaya shkola-1 (g. Moskva)"]
[BlackTeam "KOO Federatsiya shakhmat Krasnodarskogo kra"]
[WhiteFideId "4153278"]
[BlackFideId "4161203"]
[EventDate "2022.05.01"]

1. d4 Nf6 2. c4 c5 3. d5 b5 4. cxb5 a6 5. e3 axb5 6. Bxb5 Bb7 7. Nc3 Qa5 8. Ne2
Nxd5 9. O-O Nc7 10. a4 e6 11. e4 Nxb5 12. Nxb5 Bxe4 13. Bf4 Na6 14. Bd6 Bc6 15.
Nec3 h5 16. f4 f5 17. Qe2 Rh6 18. Rad1 h4 19. Rf2 Qb4 20. Nd4 Qb7 21. Nxf5 Rf6
22. Nxh4 Bxd6 23. Rxd6 O-O-O 24. f5 Rdf8 25. Ng6 exf5 26. Ne7+ Kc7 27. Rxf6 Rxf6
28. Nxf5 Re6 29. Qd2 Nb4 30. Nxg7 Rg6 31. Ne8+ Kb6 32. Nd6 Qa6 33. Ndb5 Qa8 34.
g3 Qb8 35. Rf4 d5 36. Nd4 Bb7 37. Nb3 Qd6 38. a5+ Ka6 39. Na4 c4 40. Nac5+ Kb5
41. Nxb7 Qe7 42. N3c5 Qe5 43. Qd1 Qe3+ 44. Kg2 1-0

[Event "TCh-RUS HL 2022"]
[Site "Sochi RUS"]
[Date "2022.05.09"]
[Round "8.4"]
[Board "3"]
[White "Oganian, Miran"]
[Black "Grebnev, Aleksey"]
[Result "1/2-1/2"]
[WhiteTitle "IM"]
[BlackTitle "FM"]
[WhiteElo "2437"]
[BlackElo "2453"]
[WhiteTeam "KOO Federatsiya shakhmat Krasnodarskogo kra"]
[BlackTeam "Russkaya shakhmatnaya shkola-1 (g. Moskva)"]
[WhiteFideId "4122488"]
[BlackFideId "34189030"]
[EventDate "2022.05.01"]

1. d4 Nf6 2. Nf3 d5 3. c4 e6 4. g3 Bb4+ 5. Nbd2 dxc4 6. Bg2 O-O 7. Qc2 b5 8. a4
Bb7 9. axb5 Qd5 10. Qa4 Bxd2+ 11. Bxd2 a6 12. bxa6 Rxa6 13. Qd1 Rxa1 14. Qxa1
Nbd7 1/2-1/2

[Event "TCh-RUS HL 2022"]
[Site "Sochi RUS"]
[Date "2022.05.09"]
[Round "8.4"]
[Board "4"]
[White "Vetokhin, Savva"]
[Black "Khripachenko, Alexander"]
[Result "1/2-1/2"]
[WhiteTitle "FM"]
[BlackTitle "FM"]
[WhiteElo "2383"]
[BlackElo "2195"]
[WhiteTeam "Russkaya shakhmatnaya shkola-1 (g. Moskva)"]
[BlackTeam "KOO Federatsiya shakhmat Krasnodarskogo kra"]
[WhiteFideId "44144474"]
[BlackFideId "54184975"]
[EventDate "2022.05.01"]

1. e4 e5 2. Nf3 Nf6 3. Nxe5 d6 4. Nf3 Nxe4 5. d4 d5 6. Bd3 Bd6 7. O-O O-O 8. c4
c6 9. Nc3 Nxc3 10. bxc3 dxc4 11. Bxc4 Bg4 12. Qd3 Nd7 13. Bg5 Qa5 14. Bh4 Nb6
15. Bb3 Bf5 16. Qd2 Nd5 17. Bg3 Rad8 18. Bxd6 Rxd6 19. Rac1 h6 20. Ne5 Rdd8 21.
Nc4 Qc7 22. Ne3 Be6 23. Bxd5 cxd5 24. Rfe1 Qd6 25. Qb2 Qc6 26. Qa3 a6 27. Rb1
Rc8 28. Rec1 f5 29. f4 g5 30. fxg5 f4 31. Nf1 Bf5 32. Rb2 b5 33. gxh6 Qxh6 34.
Rf2 Rce8 35. Nd2 Be4 36. Nf3 Rf7 37. Rcf1 Re6 38. Qc1 Rg6 39. Ne5 Rh7 40. g4 Rf6
41. Qd2 f3 42. Qxh6 Rfxh6 43. Nxf3 Rh3 44. Ne1 Rg3+ 45. Ng2 Rxg4 46. Rf8+ Kg7
47. R1f7+ Kg6 48. Rg8+ Kxf7 49. Rxg4 Kf6 50. Ne3 a5 51. a3 Ke6 52. Rg3 b4 53.
cxb4 axb4 54. axb4 Rb7 55. Ng2 Bxg2 56. Kxg2 Rxb4 57. Rg4 Kf5 58. Kg3 Rb3+ 59.
Kh4 Rd3 60. h3 Rf3 61. Rg5+ Ke4 62. Kg4 Rf1 63. h4 Kxd4 64. h5 Ke4 65. h6 Rh1
66. Rh5 Rg1+ 1/2-1/2

[Event "TCh-RUS HL 2022"]
[Site "Sochi RUS"]
[Date "2022.05.10"]
[Round "9.1"]
[Board "1"]
[White "Gordievsky, Dmitry"]
[Black "Chekhov, Sergei"]
[Result "1-0"]
[WhiteTitle "GM"]
[BlackTitle "IM"]
[WhiteElo "2559"]
[BlackElo "2451"]
[WhiteTeam "Russkaya shakhmatnaya shkola-1 (g. Moskva)"]
[BlackTeam "Inleksis (Voronezhskaya oblast)"]
[WhiteFideId "24112798"]
[BlackFideId "4195639"]
[EventDate "2022.05.01"]

1. e4 c5 2. Nf3 e6 3. d4 cxd4 4. Nxd4 a6 5. c4 Nf6 6. Nc3 d6 7. Be2 Qc7 8. Be3
b6 9. O-O Bb7 10. f3 Be7 11. Qd2 O-O 12. Rfc1 Rc8 13. a4 Qd8 14. a5 bxa5 15. Nd1
Nc6 16. Nxc6 Rxc6 17. Rxa5 d5 18. c5 dxe4 19. fxe4 Qxd2 20. Bxd2 Nxe4 21. Be3
Bd8 22. Ra4 Rcc8 23. b4 Bf6 24. Bf3 Rab8 25. Bxe4 Bxe4 26. b5 Bd3 27. bxa6 Bb5
28. Ra3 Ra8 29. a7 h6 30. Rb1 Bc6 31. Rb6 Kh7 32. Raa6 Bd5 33. c6 Bd8 34. Rb7
Kg6 35. Bf4 Rxc6 36. Rxc6 Bxc6 37. Rb8 Bf6 38. Be3 Bd5 39. Nb2 Be5 40. Rxa8 Bxa8
41. Nc4 Bc7 42. Bb6 Bf4 43. Kh1 f6 44. Bd8 Kf5 45. Nb6 Bb7 46. a8=Q Bxa8 47.
Nxa8 Be5 48. Nc7 g5 49. Nb5 Bb2 50. Kg1 h5 51. Ba5 Kg6 52. Bc3 Bc1 53. Kf2 Bf4
54. g3 Bb8 55. h3 f5 56. Bb4 Be5 57. Bd6 Bf6 58. Na3 g4 59. h4 Bd4+ 60. Ke2 Kf6
61. Nc2 Ba7 62. Nb4 Bd4 63. Nc6 Bb2 64. Be7+ Kf7 65. Bg5 e5 66. Nd8+ Kg6 67. Ne6
Kf7 68. Nc5 Ba3 69. Nd7 Bb2 70. Nb6 Ke6 71. Nc4 Bc3 72. Bc1 Kd5 73. Nb6+ Ke4 74.
Nd7 f4 75. Nf6+ Kf5 76. Nd5 f3+ 77. Kd3 Be1 78. Ne3+ Ke6 79. Nf1 Kd5 80. Bd2 Bf2
81. Be3 Be1 82. Bb6 Kc6 83. Bd8 Kd5 84. Bg5 e4+ 85. Ke3 Ba5 86. Bf4 Bd8 87. Kd2
Ba5+ 88. Kc2 Kd4 89. Bd2 Bc7 90. Be3+ Kc4 91. Bf2 Kd5 92. Ne3+ Kc6 93. Nf5 Kd5
94. Ne3+ Kc6 95. Nc4 Kd5 96. Kc3 Bd8 97. Ne3+ Ke5 98. Kc4 Be7 99. Nd5 Ba3 100.
Be3 Bf8 101. Bf4+ Ke6 102. Kd4 Bb4 103. Kxe4 Be1 104. Ne3 Bd2 105. Nf1 Bc3 106.
Bd2 Be5 107. Be1 Bc7 108. Bf2 Bb8 109. Ne3 Kf6 110. Nd5+ Kg6 111. Nf4+ Kh6 112.
Kf5 Bd6 113. Be3 Bb8 114. Ne6+ Kh7 115. Ng5+ Kg7 116. Ne4 Kf7 117. Bf2 Ke7 118.
Nf6 Kd6 119. Ke4 1-0

[Event "TCh-RUS HL 2022"]
[Site "Sochi RUS"]
[Date "2022.05.10"]
[Round "9.1"]
[Board "2"]
[White "Klimentov, Evgeny"]
[Black "Kryakvin, Dmitry"]
[Result "1-0"]
[WhiteTitle "FM"]
[BlackTitle "GM"]
[WhiteElo "2281"]
[BlackElo "2556"]
[WhiteTeam "Inleksis (Voronezhskaya oblast)"]
[BlackTeam "Russkaya shakhmatnaya shkola-1 (g. Moskva)"]
[WhiteFideId "24128899"]
[BlackFideId "4153278"]
[EventDate "2022.05.01"]

1. e4 e5 2. Nf3 Nc6 3. Bb5 a6 4. Ba4 Bc5 5. O-O Nge7 6. c3 Ba7 7. d4 Ng6 8. Bxc6
dxc6 9. Nxe5 Nxe5 10. dxe5 Qh4 11. Qf3 Rg8 12. Re1 Bg4 13. Qg3 Qxg3 14. hxg3
O-O-O 15. Nd2 g5 16. Nf1 Rde8 17. Be3 c5 18. f3 Bd7 19. g4 Rxe5 20. Ng3 Rg6 21.
Kf2 h6 22. Rad1 b5 23. Nf5 Bb6 24. Rh1 c4 25. Rxh6 Rxh6 26. Nxh6 Bxe3+ 27. Kxe3
Be6 28. g3 b4 29. f4 Ra5 30. f5 Bd7 31. cxb4 Rxa2 32. Rd2 Be8 33. Kd4 Ra1 34.
Kxc4 a5 35. bxa5 Rxa5 36. Ng8 Kb7 37. Nf6 Bc6 38. Rd8 Ra4+ 39. Kd3 Bb5+ 40. Kc3
Rc4+ 41. Kd2 Bc6 42. Ke3 Rb4 43. Rf8 Rxb2 44. Rxf7 Rb3+ 45. Kd4 Rxg3 46. Nd5 Kb8
47. Nxc7 Rxg4 48. Nd5 Rg1 49. Rg7 Rd1+ 50. Ke5 Bxd5 51. exd5 Re1+ 52. Kd6 Rf1
53. Rxg5 Kb7 54. Ke7 Re1+ 55. Kf6 Kc7 56. Kg6 1-0

[Event "TCh-RUS HL 2022"]
[Site "Sochi RUS"]
[Date "2022.05.10"]
[Round "9.1"]
[Board "3"]
[White "Grebnev, Aleksey"]
[Black "Aminov, Andrey"]
[Result "1-0"]
[WhiteTitle "FM"]
[WhiteElo "2453"]
[BlackElo "2297"]
[WhiteTeam "Russkaya shakhmatnaya shkola-1 (g. Moskva)"]
[BlackTeam "Inleksis (Voronezhskaya oblast)"]
[WhiteFideId "34189030"]
[BlackFideId "24162728"]
[EventDate "2022.05.01"]

1. d4 Nf6 2. c4 g6 3. Nc3 Bg7 4. e4 d6 5. Be2 O-O 6. h4 c5 7. d5 b5 8. cxb5 a6
9. a4 axb5 10. Bxb5 Ba6 11. Bd2 Bxb5 12. axb5 Rxa1 13. Qxa1 Nbd7 14. Nf3 Qb6 15.
O-O Ne8 16. Qa8 Bxc3 17. bxc3 Qxb5 18. Bh6 Nc7 19. Qa7 Rc8 20. Nd2 Qa6 21. Ra1
Qxa7 22. Rxa7 f5 23. exf5 gxf5 24. c4 Ne5 25. f3 Kf7 26. Bg5 Ke8 27. Kf2 Kd7 28.
Ke3 Ra8 29. Rxa8 Nxa8 30. Bf4 e6 31. Bxe5 dxe5 32. dxe6+ Kxe6 33. Nb3 Kd6 34. g4
Nb6 35. Na5 Ke6 36. g5 Kf7 37. h5 Kg7 38. Kd3 Kf7 39. Nb7 e4+ 40. fxe4 fxe4+ 41.
Kxe4 Nxc4 42. Nxc5 Nd6+ 43. Ke5 Nc4+ 44. Kf4 Nb6 45. Ne4 Nc4 46. Nf2 Nd6 47. Nd3
Ke6 48. Nc5+ Kf7 49. Nd7 Kg7 50. Nc5 Kf7 51. Ke5 Nc4+ 52. Kf5 Nd6+ 53. Kf4 Ke7
54. Nb3 Kf7 55. Nd4 Ke7 56. Nc2 Kf7 57. Ne3 Ke6 58. Ng4 Kf7 59. Ke5 Nc4+ 60. Kd5
Nb6+ 61. Kc6 Nc8 62. Kd5 Nb6+ 63. Kc5 Nc8 64. Kd4 Nb6 65. Ne5+ Kg7 66. Ke4 Na4
67. Kf5 Nc5 68. Ng4 Nd7 69. Nh6 Nc5 70. Ke5 Nd3+ 71. Ke4 Nc5+ 72. Kf5 Nd7 73.
Ng4 Nc5 74. Nf6 Nb7 75. Ne4 Kf7 76. Ke5 Kg7 77. Kd5 Nd8 78. Ke5 Nb7 79. Ng3 Kf7
80. Nf5 Nc5 81. Nd6+ Kg7 82. Kd5 Nd3 83. Ke4 Nc5+ 84. Kf5 Kg8 85. Kf6 Kf8 86.
Kf5 Nd7 87. Nc4 Kf7 88. h6 Nc5 89. Ne5+ Kg8 90. g6 Nb7 91. Nf7 Nc5 92. Ng5 Nb7
93. gxh7+ Kh8 94. Kf6 Nd6 95. Kg6 1-0

[Event "TCh-RUS HL 2022"]
[Site "Sochi RUS"]
[Date "2022.05.10"]
[Round "9.1"]
[Board "4"]
[White "Polukhin, Alexander"]
[Black "Vetokhin, Savva"]
[Result "0-1"]
[BlackTitle "FM"]
[WhiteElo "2170"]
[BlackElo "2383"]
[WhiteTeam "Inleksis (Voronezhskaya oblast)"]
[BlackTeam "Russkaya shakhmatnaya shkola-1 (g. Moskva)"]
[WhiteFideId "34143022"]
[BlackFideId "44144474"]
[EventDate "2022.05.01"]

1. e4 c5 2. c3 Nf6 3. e5 Nd5 4. Nf3 Nc6 5. d4 cxd4 6. cxd4 d6 7. Bc4 dxe5 8.
dxe5 Be6 9. O-O g6 10. Ng5 Bg7 11. Nxe6 fxe6 12. Nc3 Nxc3 13. bxc3 Qxd1 14. Rxd1
Bxe5 15. Bxe6 Bxc3 16. Rb1 Rd8 17. Rxd8+ Nxd8 18. Bd5 b6 19. Rb3 Bd4 20. Rd3 e5
21. Be3 Bxe3 22. Rxe3 Kd7 23. Rxe5 Kd6 24. f4 Rf8 25. g3 Nf7 26. Bxf7 Rxf7 27.
Kf2 Rc7 28. Re2 Rc3 29. Kg2 b5 30. Kh3 a5 31. Kh4 Rc5 32. g4 b4 33. h3 a4 34.
Rb2 Rb5 35. f5 gxf5 36. gxf5 Ke7 37. Kg5 Rb6 38. f6+ Kf7 39. Kh6 Rb5 40. h4 b3
41. axb3 axb3 42. h5 Kxf6 43. Rf2+ Ke5 44. Rb2 Rb7 45. Re2+ Kd4 46. Rg2 Kc3 47.
Rg3+ Kb4 48. Rg4+ Ka3 49. Rg3 Ka2 50. Rg7 Rxg7 51. Kxg7 b2 52. Kxh7 b1=Q+ 53.
Kg7 Qb7+ 54. Kg6 Qc8 55. Kh7 Qd7+ 56. Kg6 Qe8+ 0-1

[Event "TCh-RUS HL 2022"]
[Site "Sochi RUS"]
[Date "2022.05.10"]
[Round "9.2"]
[Board "1"]
[White "Bocharov, Dmitry"]
[Black "Belyakov, Bogdan"]
[Result "1/2-1/2"]
[WhiteTitle "GM"]
[BlackTitle "IM"]
[WhiteElo "2516"]
[BlackElo "2457"]
[WhiteTeam "Sbornaya Novosibirskoy oblasti"]
[BlackTeam "Qmal (QNAO)"]
[WhiteFideId "4138716"]
[BlackFideId "24104795"]
[EventDate "2022.05.01"]

1. Nf3 d5 2. c4 e6 3. g3 Nf6 4. Bg2 Be7 5. d4 O-O 6. Nc3 c6 7. O-O Nbd7 8. Qd3
b6 9. e4 Ba6 10. b3 Rc8 11. Rd1 h6 12. Bf4 Bb4 13. e5 Nh7 14. a3 Be7 15. Bf1 Bb7
16. h4 Re8 17. cxd5 exd5 18. b4 Nhf8 19. Bh3 Ra8 20. Rab1 b5 21. Re1 Bc8 22. e6
fxe6 23. Ne5 Nxe5 24. Bxe5 a5 25. Ne2 axb4 26. axb4 Bf6 27. Nf4 Bxe5 28. dxe5
Re7 29. Qd4 Rea7 30. Rbc1 Bd7 31. Bf1 Qe7 32. Bd3 Ra4 33. Rb1 Be8 34. Rec1 R8a6
35. Kg2 Nd7 36. Bc2 Ra3 37. h5 Bf7 38. Re1 Qg5 39. Rb3 Rxb3 40. Bxb3 Qe7 41. Bc2
Nf8 42. Re3 Qg5 43. Bd1 Nd7 44. Bc2 Nf8 45. Bd1 Nd7 46. Bc2 Nf8 47. Bd1 1/2-1/2

[Event "TCh-RUS HL 2022"]
[Site "Sochi RUS"]
[Date "2022.05.10"]
[Round "9.2"]
[Board "2"]
[White "Savitskiy, Sergey"]
[Black "Maletin, Pavel"]
[Result "1-0"]
[WhiteTitle "IM"]
[BlackTitle "GM"]
[WhiteElo "2401"]
[BlackElo "2586"]
[WhiteTeam "Qmal (QNAO)"]
[BlackTeam "Sbornaya Novosibirskoy oblasti"]
[WhiteFideId "24105660"]
[BlackFideId "4146786"]
[EventDate "2022.05.01"]

1. e4 c6 2. Nf3 d5 3. d3 dxe4 4. dxe4 Qxd1+ 5. Kxd1 Nf6 6. Nfd2 h5 7. h4 Be6 8.
f3 Nfd7 9. Bc4 Nc5 10. Bxe6 Nxe6 11. Nc4 Nd7 12. Be3 a6 13. Ke2 g6 14. a4 Bg7
15. Rd1 b5 16. Na5 Bxb2 17. Ra2 Bf6 18. Nxc6 bxa4 19. Rxa4 Rc8 20. Rxa6 Ne5 21.
Nxe5 Bxe5 22. c4 O-O 23. Na3 Bg3 24. Rc1 Nc5 25. Rb6 Bxh4 26. Rb5 Ne6 27. c5 Ra8
28. Nc4 Ra2+ 29. Rb2 Rfa8 30. Rxa2 Rxa2+ 31. Kf1 Bg3 32. c6 Nc7 33. Nb6 Ra6 34.
f4 e6 35. Ke2 g5 36. fxg5 h4 37. Nd7 Ra2+ 38. Kf3 Ra3 39. Rd1 Ne8 40. Ke2 Rc3
41. Rc1 Ra3 42. e5 Ra8 43. Bb6 Ra2+ 44. Kf3 Ra3+ 45. Ke4 Kg7 46. c7 Ra4+ 47. Kf3
Nxc7 48. Rxc7 Rf4+ 49. Ke2 Kg6 50. Be3 Rf5 51. Rc8 Bxe5 52. Nxe5+ Rxe5 53. Rh8
Re4 54. Kf3 Rc4 55. Rh6+ Kg7 56. Bf4 1-0

[Event "TCh-RUS HL 2022"]
[Site "Sochi RUS"]
[Date "2022.05.10"]
[Round "9.2"]
[Board "3"]
[White "Kezin, Roman"]
[Black "Potapov, Pavel"]
[Result "1-0"]
[WhiteTitle "IM"]
[BlackTitle "GM"]
[WhiteElo "2510"]
[BlackElo "2481"]
[WhiteTeam "Sbornaya Novosibirskoy oblasti"]
[BlackTeam "Qmal (QNAO)"]
[WhiteFideId "24124621"]
[BlackFideId "4169786"]
[EventDate "2022.05.01"]

1. d4 Nf6 2. c4 e6 3. Nf3 d5 4. Nc3 Be7 5. g3 O-O 6. Bg2 dxc4 7. Ne5 Nc6 8. Bxc6
bxc6 9. Nxc6 Qe8 10. Nxe7+ Qxe7 11. Qa4 Bb7 12. O-O c5 13. Qa3 Qd7 14. Qxc5 e5
15. d5 Rfc8 16. Qa5 Bxd5 17. f3 Qe6 18. Bg5 Bb7 19. Rad1 e4 20. Bxf6 Qxf6 21.
fxe4 Qe7 22. Qf5 Rd8 23. Nd5 Bxd5 24. exd5 f6 25. e4 Rab8 26. Rf2 Re8 27. d6 Qf7
28. d7 Red8 29. e5 Rb6 30. exf6 Rxf6 31. Qa5 Rxd7 32. Qd8+ Rxd8 33. Rxd8+ Qf8
34. Rxf8+ Kxf8 35. Rxf6+ gxf6 36. Kf2 Ke7 37. Ke3 Ke6 38. Kd4 Kf5 39. Kxc4 Kg4
40. b4 Kh3 41. b5 Kxh2 42. a4 1-0

[Event "TCh-RUS HL 2022"]
[Site "Sochi RUS"]
[Date "2022.05.10"]
[Round "9.2"]
[Board "4"]
[White "Semenova, Elena1"]
[Black "Obgolts, Erik"]
[Result "0-1"]
[WhiteTitle "WIM"]
[BlackTitle "FM"]
[WhiteElo "2280"]
[BlackElo "2437"]
[WhiteTeam "Qmal (QNAO)"]
[BlackTeam "Sbornaya Novosibirskoy oblasti"]
[WhiteFideId "24125148"]
[BlackFideId "24199044"]
[EventDate "2022.05.01"]

1. e4 c6 2. Nf3 d5 3. d3 Bg4 4. h3 Bh5 5. g4 Bg6 6. h4 dxe4 7. h5 Bxh5 8. Ne5
Qa5+ 9. Nc3 Qxe5 10. Rxh5 Qc7 11. Nxe4 g6 12. Rh3 Nd7 13. d4 Bg7 14. c3 Ngf6 15.
Nxf6+ Nxf6 16. Qf3 h5 17. gxh5 Nxh5 18. Be3 e6 19. O-O-O O-O-O 20. Be2 Bh6 21.
Rdh1 Bxe3+ 22. fxe3 Rhf8 23. Kb1 Kb8 24. Qf2 Ng7 25. e4 e5 26. Bc4 Nh5 27. Rf3
f6 28. Qg1 Nf4 29. Rf1 g5 30. Rd1 Rd7 31. dxe5 Rxd1+ 32. Qxd1 Rd8 33. Qf3 Qxe5
34. Ka1 Re8 35. Bf7 Rd8 36. Bb3 Qc5 37. a3 a6 38. Rh6 Rd6 39. Rh8+ Ka7 40. Rh1
Rd2 41. Rd1 Qf2 42. Qxf2+ Rxf2 43. Kb1 g4 44. Rg1 Rg2 45. Rxg2 Nxg2 46. Kc1 g3
47. Kd2 Nf4 48. Ke3 Kb6 49. Bd1 Kc5 50. Bg4 a5 51. Bc8 b6 52. Ba6 a4 53. Kf3 g2
54. Kf2 b5 55. Bb7 Nd3+ 56. Kxg2 Nxb2 57. Kf3 Nc4 58. Ke2 Nxa3 59. Kd3 Nc4 60.
Kc2 Nd6 0-1

[Event "TCh-RUS HL 2022"]
[Site "Sochi RUS"]
[Date "2022.05.10"]
[Round "9.3"]
[Board "1"]
[White "Kim, Alexey"]
[Black "Bryakin, Mikhail"]
[Result "0-1"]
[WhiteTitle "GM"]
[BlackTitle "IM"]
[WhiteElo "2464"]
[BlackElo "2456"]
[WhiteTeam "Shkola im. M.M. Botvinnika (g. Moskva)"]
[BlackTeam "Severnyy kharakter - 2 (g. Moskva)"]
[WhiteFideId "4129776"]
[BlackFideId "4165314"]
[EventDate "2022.05.01"]

1. e4 c6 2. d4 d5 3. Nd2 dxe4 4. Nxe4 Bf5 5. Ng3 Bg6 6. h4 h6 7. Nf3 Nd7 8. h5
Bh7 9. Bd3 Bxd3 10. Qxd3 e6 11. Bd2 Ngf6 12. O-O-O Be7 13. Kb1 O-O 14. Ne4 c5
15. g4 Nxg4 16. Qe2 f5 17. Nxc5 Nxc5 18. dxc5 Qe8 19. Ne1 Bxc5 20. Nd3 Bd4 21.
f3 Nf6 22. Rde1 Rd8 23. Qg2 Kh7 24. Nf4 e5 25. Ng6 Rf7 26. Nh4 f4 27. Qg6+ Kh8
28. Bxf4 Qb5 29. Bc1 Rc7 30. Nf5 Nd5 31. Nxd4 exd4 32. Rh4 Ne3 33. Bxe3 dxe3 34.
b3 e2 35. Re4 Rxc2 36. Kxc2 Qd3+ 37. Kb2 Qd2+ 0-1